| 000 | 00000nam##2200000za#4500 |
| 001 | 9.606630 |
| 003 | CaOODSP |
| 005 | 20210624212724 |
| 007 | cr ||||||||||| |
| 008 | 150406|1990||||xxc|||||o f|0| 0 fre|d |
| 022 | |a1488-5468 |
| 040 | |aCaOODSP|bfre |
| 043 | |an-cn--- |
| 086 | 1 |aFs97-4/2057F-PDF |
| 110 | 1 |aCanada. |bMinistère des pêches et des océans. |
| 245 | 10|aL'éperlan arc-en-ciel (Osmerus mordax) anadrome de l'estuaire du Saint-Laurent : |h[ressource électronique]|bsynthèse des connaissances et problématique de la restauration des habitats de fraie dans la rivière Boyer / |cpar Jean A. Robitaille et Yvan Vigneault. |
| 260 | |aQuébec - Québec : |bPêches et Océans Canada |cFevrier 1990. |
| 300 | |a64p.|bfigures, graphiques, cartes, références, tableaux |
| 490 | 1 |aRapport manuscrit canadien des sciences halieutiques et aquatiques|x1488-5468|vN° 2057 |
| 546 | |a(Abstracts in English). |
| 590 | |a14-04-Supp|b2014-02-05 |
| 830 | #0|aRapport manuscrit canadien des sciences halieutiques et aquatiques,|x1488-5468|vN° 2057|w(CaOODSP)9.501611 |
| 856 | 40|ahttp://publications.gc.ca|qPDF|s4328 Ko|uhttps://publications.gc.ca/collections/collection_2014/mpo-dfo/Fs97-4-2057-fra.pdf|yN° 2057 |